000 00560nam a2200229Ia 4500
005 20250425162328.0
008 250425s9999 xx 000 0 und d
020 _a9780073529219
041 _aeng
082 _a621.4021
100 _aCENGEL, YUNUS A.
245 0 _aTHERMODYNAMICS: AN ENGINEERING APPROACH
250 _a6TH ED.
260 _aEstados Unidos
_bMCGRAW-HILL
_c2008
260 _aNEW YORK
300 _a1018
650 _aMANOMETROS
650 _aTERMODINAMICA
650 _aTRANSFERENCIA DE CALOR
942 _c01
010 _a62594
999 _c226972
_d226972